|
|
|
|
| LEADER |
00000nab a2200000ua 4500 |
| 001 |
vtls010849976 |
| 003 |
SK-MaSNL |
| 005 |
20260303134957.0 |
| 008 |
230218s1998 xo |||||||||||||||||slo| |
| 035 |
|
|
|a (urnnbn)urn:nbn:sk:snk:ar-a07nxw
|
| 035 |
|
|
|a urn:nbn:sk:snk-ab6ajt
|
| 035 |
|
|
|a (uuid)be31fd82-dbad-427a-bfce-c02d5f452cf1
|
| 040 |
|
|
|a SNKBUCL
|b slo
|c SNKBUCL
|e AACR2
|
| 041 |
0 |
|
|a slo
|
| 044 |
|
|
|a xo
|c SK
|
| 100 |
1 |
|
|a Nováková, Renáta
|4 aut
|9 328994
|
| 245 |
1 |
0 |
|a ZÁKAZNÍCKY ORIENTOVANÉ PLÁNOVANIE KVALITY
|c Renáta Nováková
|
| 246 |
3 |
|
|a CUSTOMER ORIENTATION OF QUALITY PLANNING
|
| 773 |
0 |
|
|t Kvalita Inovácia Prosperita
|g Roč. 2, č. 2 (1998), s. 75-80
|
| 954 |
|
|
|a odborná, vedecká literatúra pôvodná (slovenská)
|2 lita
|
| 958 |
|
|
|a OND
|
| 958 |
|
|
|a EUIPO
|
| 958 |
|
|
|a article5
|
| 999 |
|
|
|c 1963005
|d 1964935
|